[Event "2019"]
[Site "?"]
[Date "2019.05.29"]
[Round "1.25"]
[White "Noel, Nicolas"]
[Black "Berghof, Axel"]
[Result "0-1"]
[BlackElo "2155"]
[WhiteElo "1919"]
[LiveChessVersion "1.4.8"]

1. e4 {[%clk 1:30:58]} c6 {[%clk 1:30:43]} 2. d4 {[%clk 1:31:22]} d5
{[%clk 1:31:07]} 3. e5 {[%clk 1:31:47]} g6 {[%clk 1:31:29]} 4. h3
{[%clk 1:30:00]} c5 {[%clk 1:30:23]} 5. c3 {[%clk 1:29:24]} Nc6 {[%clk 1:30:40]}
6. Nf3 {[%clk 1:29:43]} Bg7 {[%clk 1:30:15]} 7. Bd3 {[%clk 1:24:02]} cxd4
{[%clk 1:29:11]} 8. cxd4 {[%clk 1:24:21]} Nh6 {[%clk 1:28:10]} 9. Nc3
{[%clk 1:24:14]} O-O {[%clk 1:25:37]} 10. O-O {[%clk 1:23:00]} Nf5
{[%clk 1:23:11]} 11. Bc2 {[%clk 1:02:33]} Nb4 {[%clk 1:09:09]} 12. Bb3
{[%clk 0:53:23]} e6 {[%clk 1:06:08]} 13. Bf4 {[%clk 0:41:22]} Bd7
{[%clk 1:00:07]} 14. a3 {[%clk 0:39:30]} Na6 {[%clk 0:59:04]} 15. Rc1
{[%clk 0:39:15]} Rc8 {[%clk 0:55:40]} 16. Qd2 {[%clk 0:38:36]} Qb6
{[%clk 0:53:40]} 17. Ba2 {[%clk 0:35:32]} Bb5 {[%clk 0:32:29]} 18. Rfd1
{[%clk 0:34:47]} Nc7 {[%clk 0:28:29]} 19. Bb1 {[%clk 0:30:59]} Bc4
{[%clk 0:23:32]} 20. g4 {[%clk 0:25:59]} Ne7 {[%clk 0:23:03]} 21. Bh6
{[%clk 0:25:09]} Ne8 {[%clk 0:18:22]} 22. Bxg7 {[%clk 0:16:29]} Kxg7
{[%clk 0:16:45]} 23. Qg5 {[%clk 0:14:07]} Nc6 {[%clk 0:16:23]} 24. Qh4
{[%clk 0:11:45]} Qxb2 {[%clk 0:14:24]} 25. Ng5 {[%clk 0:04:35]} h6
{[%clk 0:14:08]} 26. Nf3 {[%clk 0:01:17]} Qxa3 {[%clk 0:13:50]} 27. Qg3
{[%clk 0:00:33]} Qe7 {[%clk 0:13:05]} 28. Nd2 {[%clk 0:00:35]} Nxd4
{[%clk 0:11:48]} 29. Nxc4 {[%clk 0:00:50]} Rxc4 {[%clk 0:12:12]} 30. Bd3
{[%clk 0:00:48]} Rb4 {[%clk 0:11:54]} 31. f4 {[%clk 0:00:55]} Rg8
{[%clk 0:05:59]} 32. Kh1 {[%clk 0:00:57]} Nc6 {[%clk 0:05:11]} 33. Rg1
{[%clk 0:01:12]} Nc7 {[%clk 0:04:31]} 34. Rce1 {[%clk 0:00:57]} Qc5
{[%clk 0:04:33]} 35. Rc1 {[%clk 0:01:06]} Qa5 {[%clk 0:02:56]} 36. f5
{[%clk 0:01:16]} Rb3 {[%clk 0:02:54]} 37. f6+ {[%clk 0:01:07]} Kh7
{[%clk 0:02:14]} 38. h4 {[%clk 0:01:16]} d4 {[%clk 0:01:51]} 39. Ne2
{[%clk 0:00:44]} Qd5+ {[%clk 0:01:37]} 40. Kh2 {[%clk 0:00:31]} Nxe5
{[%clk 0:01:24]} 41. Nf4 {[%clk 0:13:47]} Rb2+ {[%clk 0:07:52]} 42. Kh3
{[%clk 0:13:02]} Qd6 {[%clk 0:04:32]} 43. Be4 {[%clk 0:09:48]} Ne8
{[%clk 0:04:24]} 44. h5 {[%clk 0:08:59]} Nxf6 {[%clk 0:03:44]} 45. Nd3
{[%clk 0:08:16]} Nxe4 {[%clk 0:03:12]} 46. Qxe5 {[%clk 0:07:10]} Ng5+
{[%clk 0:02:34]} 0-1

[Event "2019"]
[Site "?"]
[Date "2019.05.29"]
[Round "1.26"]
[White "Ammon, Tobias"]
[Black "Haasner, Tom"]
[Result "1/2-1/2"]
[BlackElo "1963"]
[WhiteElo "2151"]
[LiveChessVersion "1.4.8"]

1. e4 {[%clk 1:30:57]} c5 {[%clk 1:30:53]} 2. Nf3 {[%clk 1:31:22]} Nc6
{[%clk 1:31:16]} 3. c3 {[%clk 1:31:40]} Nf6 {[%clk 1:31:01]} 4. e5
{[%clk 1:32:03]} Nd5 {[%clk 1:31:21]} 5. d4 {[%clk 1:30:51]} e6 {[%clk 1:30:22]}
6. Bc4 {[%clk 1:29:58]} d6 {[%clk 1:23:34]} 7. O-O {[%clk 1:27:28]} Be7
{[%clk 1:15:16]} 8. Qe2 {[%clk 1:22:12]} Nb6 {[%clk 0:59:53]} 9. Bb3
{[%clk 1:19:42]} Bd7 {[%clk 0:53:09]} 10. exd6 {[%clk 1:10:40]} Bxd6
{[%clk 0:45:27]} 11. d5 {[%clk 1:10:46]} Na5 {[%clk 0:43:29]} 12. dxe6 Bxe6
{[%clk 0:42:19]} 13. Bxe6 {[%clk 1:09:21]} fxe6 {[%clk 0:42:36]} 14. Rd1
{[%clk 0:59:34]} Qd7 {[%clk 0:37:41]} 15. Bf4 {[%clk 0:55:06]} Nc8
{[%clk 0:34:35]} 16. Ne5 {[%clk 0:45:24]} Qa4 {[%clk 0:16:14]} 17. Qh5+
{[%clk 0:28:21]} g6 {[%clk 0:16:30]} 18. Nxg6 {[%clk 0:28:45]} hxg6
{[%clk 0:16:49]} 19. Qxh8+ {[%clk 0:29:06]} Kd7 {[%clk 0:16:58]} 20. Na3
{[%clk 0:29:01]} Qxf4 {[%clk 0:16:55]} 21. g3 {[%clk 0:27:08]} Qa4
{[%clk 0:12:45]} 22. Rd2 {[%clk 0:23:23]} Kc7 {[%clk 0:09:48]} 23. Rad1
{[%clk 0:22:06]} Nc6 {[%clk 0:07:10]} 24. Qg7+ {[%clk 0:14:22]} Be7
{[%clk 0:07:00]} 25. Qxg6 {[%clk 0:08:40]} Ne5 {[%clk 0:07:19]} 26. Qh5
{[%clk 0:03:16]} Qe4 {[%clk 0:07:06]} 1/2-1/2

[Event "2019"]
[Site "?"]
[Date "2019.05.30"]
[Round "2.1"]
[White "Laznicka, Viktor"]
[Black "Zenker, Ulrich"]
[Result "1/2-1/2"]
[BlackElo "2147"]
[WhiteElo "2660"]
[LiveChessVersion "1.4.8"]

1. d4 {[%clk 1:23:19]} g6 {[%clk 1:28:47]} 2. e4 {[%clk 1:23:35]} Bg7
{[%clk 1:29:11]} 3. Nf3 {[%clk 1:23:29]} d6 {[%clk 1:29:29]} 4. Be2
{[%clk 1:23:30]} Nf6 {[%clk 1:27:36]} 5. Nc3 {[%clk 1:23:54]} O-O
{[%clk 1:27:32]} 6. O-O {[%clk 1:24:22]} Bg4 {[%clk 1:27:32]} 7. Bg5
{[%clk 1:24:33]} c6 {[%clk 1:25:36]} 8. a4 {[%clk 1:21:35]} Nbd7 {[%clk 1:23:26]}
9. h3 {[%clk 1:20:34]} Bxf3 {[%clk 1:23:49]} 10. Bxf3 {[%clk 1:21:02]} Qa5
{[%clk 1:21:44]} 11. Be3 {[%clk 1:19:09]} e5 {[%clk 1:16:37]} 12. Ra3
{[%clk 1:14:33]} Rfe8 {[%clk 1:14:42]} 13. d5 {[%clk 1:02:08]} cxd5
{[%clk 1:10:01]} 14. Nxd5 {[%clk 1:01:05]} Nxd5 {[%clk 1:10:07]} 15. Qxd5
{[%clk 1:01:15]} Qxd5 {[%clk 1:09:50]} 16. exd5 {[%clk 1:01:42]} Rec8
{[%clk 0:43:36]} 17. c3 {[%clk 1:01:39]} f5 {[%clk 0:34:49]} 18. a5
{[%clk 1:00:17]} e4 {[%clk 0:31:17]} 19. Be2 {[%clk 1:00:36]} Ne5
{[%clk 0:29:34]} 20. Rb3 {[%clk 0:58:52]} Rc7 {[%clk 0:29:31]} 21. Ra1
{[%clk 0:59:11]} a6 {[%clk 0:27:19]} 22. Rb6 {[%clk 0:57:55]} Rd7
{[%clk 0:26:27]} 23. Ra4 {[%clk 0:50:14]} Rf8 {[%clk 0:26:18]} 24. g3
{[%clk 0:50:14]} Bf6 {[%clk 0:26:00]} 25. h4 {[%clk 0:46:05]} Kg7
{[%clk 0:25:34]} 26. c4 {[%clk 0:42:06]} Rc8 {[%clk 0:20:35]} 27. Rb3
{[%clk 0:38:30]} Rf7 {[%clk 0:14:45]} 28. Rab4 {[%clk 0:31:16]} Rcc7
{[%clk 0:14:42]} 29. Rb6 {[%clk 0:27:21]} Rcd7 {[%clk 0:15:00]} 30. Bf4
{[%clk 0:27:48]} h6 {[%clk 0:14:16]} 31. c5 {[%clk 0:27:11]} g5 {[%clk 0:08:20]}
32. hxg5 {[%clk 0:26:49]} hxg5 {[%clk 0:08:42]} 33. Bxe5 {[%clk 0:26:28]} Bxe5
{[%clk 0:07:35]} 34. c6 {[%clk 0:26:41]} bxc6 {[%clk 0:07:46]} 35. dxc6
{[%clk 0:27:06]} Rd8 {[%clk 0:05:03]} 36. Rxa6 {[%clk 0:23:15]} d5
{[%clk 0:04:46]} 37. Rb7 {[%clk 0:22:37]} d4 {[%clk 0:04:20]} 38. Bh5
{[%clk 0:18:46]} Rxb7 {[%clk 0:02:52]} 39. cxb7 {[%clk 0:19:08]} d3
{[%clk 0:02:49]} 40. Ra8 {[%clk 0:16:31]} Rd7 {[%clk 0:02:19]} 41. Re8
{[%clk 0:14:09]} g4 {[%clk 0:07:38]} 42. Rxe5 {[%clk 0:21:45]} d2
{[%clk 0:07:57]} 43. Bxg4 {[%clk 0:15:16]} fxg4 {[%clk 0:08:17]} 44. b8=Q
{[%clk 0:15:42]} d1=Q+ {[%clk 0:08:39]} 45. Kh2 {[%clk 0:16:10]} Qf1
{[%clk 0:03:49]} 46. Rg5+ {[%clk 0:16:24]} Kh6 {[%clk 0:03:46]} 47. Qh8+
{[%clk 0:15:33]} Kxg5 {[%clk 0:03:54]} 48. Qe5+ {[%clk 0:16:01]} Kh6
{[%clk 0:03:30]} 49. Qe6+ {[%clk 0:16:28]} 1/2-1/2

[Event "2019"]
[Site "?"]
[Date "2019.05.30"]
[Round "2.2"]
[White "Korolev, Alexandr"]
[Black "Plat, Vojtech"]
[Result "0-1"]
[BlackElo "2540"]
[WhiteElo "2143"]
[LiveChessVersion "1.4.8"]

1. e4 {[%clk 1:30:57]} c5 {[%clk 1:27:34]} 2. Nf3 {[%clk 1:31:15]} Nc6
{[%clk 1:27:50]} 3. Bb5 {[%clk 1:30:59]} g6 {[%clk 1:28:14]} 4. O-O
{[%clk 1:31:09]} Bg7 {[%clk 1:28:41]} 5. c3 {[%clk 1:30:16]} Nf6 {[%clk 1:29:03]}
6. Re1 {[%clk 1:30:29]} O-O {[%clk 1:29:14]} 7. d4 {[%clk 1:30:03]} cxd4
{[%clk 1:29:13]} 8. cxd4 {[%clk 1:28:43]} d5 {[%clk 1:29:33]} 9. e5
{[%clk 1:27:43]} Ne4 {[%clk 1:29:58]} 10. Nbd2 {[%clk 1:23:07]} Bf5
{[%clk 1:28:11]} 11. Nxe4 dxe4 {[%clk 1:27:43]} 12. Bxc6 {[%clk 1:21:11]} bxc6
{[%clk 1:28:09]} 13. Ng5 {[%clk 1:19:53]} c5 {[%clk 1:24:30]} 14. dxc5
{[%clk 1:04:31]} Qxd1 {[%clk 1:24:53]} 15. Rxd1 {[%clk 1:04:56]} h6
{[%clk 1:25:13]} 16. Nh3 {[%clk 1:04:20]} g5 {[%clk 1:25:38]} 17. Be3
{[%clk 0:58:26]} Bxe5 {[%clk 1:26:03]} 18. Bd4 {[%clk 0:57:31]} Bc7
{[%clk 1:26:28]} 19. Be3 {[%clk 0:53:29]} Rfd8 {[%clk 1:26:19]} 20. Rxd8+
{[%clk 0:52:35]} Rxd8 {[%clk 1:26:43]} 21. b4 {[%clk 0:50:15]} Be6
{[%clk 1:25:23]} 22. c6 {[%clk 0:42:29]} Bxa2 {[%clk 1:22:44]} 23. f4
{[%clk 0:42:39]} Rd3 {[%clk 1:19:19]} 24. Bxa7 {[%clk 0:37:10]} Bc4
{[%clk 1:16:18]} 25. Nf2 {[%clk 0:23:57]} Rd6 {[%clk 1:15:57]} 26. Nxe4
{[%clk 0:22:26]} Rxc6 {[%clk 1:15:41]} 27. fxg5 {[%clk 0:21:46]} Bd5
{[%clk 1:15:28]} 28. b5 {[%clk 0:18:37]} Rc2 {[%clk 1:15:31]} 29. Ra4
{[%clk 0:11:31]} Rc1+ {[%clk 1:10:26]} 30. Kf2 {[%clk 0:12:00]} Bxh2
{[%clk 1:10:51]} 31. Nd2 {[%clk 0:07:58]} hxg5 {[%clk 1:10:13]} 32. Nf3
{[%clk 0:06:19]} Rc2+ {[%clk 1:10:01]} 33. Ke3 {[%clk 0:02:33]} Bf4+
{[%clk 1:10:09]} 34. Kd4 {[%clk 0:02:40]} e6 {[%clk 1:10:16]} 35. Ne1
{[%clk 0:01:51]} Re2 {[%clk 1:10:20]} 36. Ra1 {[%clk 0:01:46]} Be5+
{[%clk 1:10:44]} 37. Kd3 {[%clk 0:02:14]} Rb2 {[%clk 1:10:35]} 38. Bd4
{[%clk 0:00:37]} Rb3+ {[%clk 1:10:58]} 0-1

[Event "2019"]
[Site "?"]
[Date "2019.05.30"]
[Round "2.4"]
[White "Hacker, Jonas"]
[Black "Schnicke, Robert"]
[Result "1-0"]
[BlackElo "2127"]
[WhiteElo "2386"]
[LiveChessVersion "1.4.8"]

1. e4 {[%clk 1:30:59]} e6 {[%clk 1:30:37]} 2. d4 {[%clk 1:31:22]} d5
{[%clk 1:30:49]} 3. Nc3 {[%clk 1:31:46]} Nf6 {[%clk 1:29:50]} 4. e5
{[%clk 1:32:11]} Nfd7 {[%clk 1:29:43]} 5. f4 {[%clk 1:32:35]} c5 {[%clk 1:28:18]}
6. Nf3 {[%clk 1:32:59]} Nc6 {[%clk 1:19:56]} 7. Be3 {[%clk 1:33:09]} Qa5
{[%clk 1:06:56]} 8. a3 {[%clk 1:29:06]} c4 {[%clk 1:01:35]} 9. g4
{[%clk 1:21:39]} Be7 {[%clk 0:58:09]} 10. Bg2 {[%clk 1:16:03]} b5
{[%clk 0:51:18]} 11. f5 {[%clk 1:12:51]} Nb6 {[%clk 0:46:14]} 12. Bd2
{[%clk 1:03:10]} Qa6 {[%clk 0:44:47]} 13. fxe6 {[%clk 1:01:26]} Bxe6
{[%clk 0:44:41]} 14. h3 {[%clk 1:01:28]} Rd8 {[%clk 0:31:51]} 15. O-O
{[%clk 0:58:16]} h6 {[%clk 0:29:35]} 16. Ne2 {[%clk 0:57:07]} Qc8
{[%clk 0:28:25]} 17. Nf4 {[%clk 0:50:07]} a5 {[%clk 0:27:00]} 18. c3
{[%clk 0:45:03]} Qd7 {[%clk 0:24:29]} 19. Nh5 {[%clk 0:41:22]} Kf8
{[%clk 0:21:29]} 20. Qe1 {[%clk 0:36:52]} Re8 {[%clk 0:20:24]} 21. Nh4
{[%clk 0:35:10]} Bxh4 {[%clk 0:20:02]} 22. Qxh4 {[%clk 0:35:16]} Qd8
{[%clk 0:15:23]} 23. Qf2 {[%clk 0:32:45]} Kg8 {[%clk 0:12:27]} 24. Qg3
{[%clk 0:24:53]} Ne7 {[%clk 0:08:25]} 25. Bf3 {[%clk 0:19:06]} Ng6
{[%clk 0:08:13]} 26. Bd1 {[%clk 0:17:52]} Nd7 {[%clk 0:07:47]} 27. Bc2
{[%clk 0:16:02]} Ndf8 {[%clk 0:07:49]} 28. Qf2 {[%clk 0:13:55]} Qc8
{[%clk 0:07:11]} 29. Kh1 {[%clk 0:12:57]} Qb7 {[%clk 0:06:58]} 30. Bf5
{[%clk 0:11:08]} Qd7 {[%clk 0:06:30]} 31. Kh2 {[%clk 0:10:03]} Qe7
{[%clk 0:06:05]} 32. a4 {[%clk 0:07:10]} b4 {[%clk 0:06:00]} 33. cxb4
{[%clk 0:07:35]} axb4 {[%clk 0:06:27]} 34. Bxb4 {[%clk 0:07:37]} Qb7
{[%clk 0:04:07]} 35. Bc5 {[%clk 0:05:44]} Rc8 {[%clk 0:04:01]} 36. Bd6
{[%clk 0:05:03]} c3 {[%clk 0:03:48]} 37. b4 {[%clk 0:04:33]} Nh7 {[%clk 0:02:30]}
38. h4 {[%clk 0:03:06]} c2 {[%clk 0:02:12]} 39. Rac1 {[%clk 0:02:57]} Ngf8
{[%clk 0:02:03]} 40. Nf4 {[%clk 0:02:05]} Ng5 {[%clk 0:00:50]} 41. Nxe6
{[%clk 0:09:15]} Nfxe6 {[%clk 0:12:47]} 42. Rxc2 {[%clk 0:08:11]} Rxc2
{[%clk 0:08:12]} 43. Qxc2 {[%clk 0:07:19]} Nxd4 {[%clk 0:06:38]} 44. Qc8+
{[%clk 0:07:34]} Qxc8 {[%clk 0:07:02]} 45. Bxc8 {[%clk 0:08:01]} Ngf3+
{[%clk 0:05:25]} 46. Kg3 {[%clk 0:06:33]} Nd2 {[%clk 0:04:57]} 47. Rd1
{[%clk 0:06:55]} Ne4+ {[%clk 0:05:02]} 48. Kg2 {[%clk 0:07:05]} Ne2
{[%clk 0:04:42]} 49. a5 {[%clk 0:06:28]} g6 {[%clk 0:04:30]} 50. a6
{[%clk 0:05:25]} Kh7 {[%clk 0:03:58]} 51. Bb7 {[%clk 0:05:43]} N4c3
{[%clk 0:04:15]} 52. Rd2 {[%clk 0:05:34]} d4 {[%clk 0:02:14]} 53. a7
{[%clk 0:05:32]} Nc1 1-0

[Event "2019"]
[Site "?"]
[Date "2019.05.30"]
[Round "2.6"]
[White "Kurayan, Ruslan"]
[Black "Schliebener, Stephan"]
[Result "1/2-1/2"]
[BlackElo "2117"]
[WhiteElo "2374"]
[LiveChessVersion "1.4.8"]

1. e4 {[%clk 1:30:56]} c5 {[%clk 1:30:56]} 2. Nf3 {[%clk 1:31:19]} e6
{[%clk 1:31:22]} 3. d4 {[%clk 1:31:43]} cxd4 {[%clk 1:31:45]} 4. Nxd4
{[%clk 1:32:09]} a6 {[%clk 1:32:10]} 5. Nc3 {[%clk 1:32:34]} b5 {[%clk 1:32:24]}
6. Be3 {[%clk 1:28:11]} Bb7 {[%clk 1:31:12]} 7. f3 {[%clk 1:26:56]} Qc7
{[%clk 1:30:06]} 8. Qd2 {[%clk 1:25:41]} Nf6 {[%clk 1:29:17]} 9. O-O-O
{[%clk 1:25:19]} Bb4 {[%clk 1:27:23]} 10. Kb1 {[%clk 1:00:36]} O-O
{[%clk 1:25:29]} 11. g4 {[%clk 0:48:06]} d5 {[%clk 1:14:25]} 12. e5
{[%clk 0:22:47]} Nfd7 {[%clk 1:14:34]} 13. f4 {[%clk 0:22:07]} Nc5
{[%clk 1:13:28]} 14. Bd3 {[%clk 0:13:13]} Na4 {[%clk 1:11:48]} 15. Rdf1
{[%clk 0:06:37]} Bxc3 {[%clk 1:09:04]} 16. bxc3 {[%clk 0:06:52]} Nxc3+
{[%clk 1:09:26]} 17. Kb2 {[%clk 0:06:30]} b4 {[%clk 1:09:15]} 18. Ra1
{[%clk 0:06:06]} Nd7 {[%clk 1:07:33]} 19. a3 {[%clk 0:03:42]} a5 {[%clk 1:04:32]}
20. Rhf1 {[%clk 0:04:08]} Nc5 {[%clk 1:01:37]} 21. axb4 {[%clk 0:02:14]} axb4
{[%clk 1:01:07]} 22. Nb3 {[%clk 0:02:43]} Nxb3 {[%clk 0:55:39]} 23. cxb3
{[%clk 0:03:03]} Rxa1 {[%clk 0:55:32]} 24. Rxa1 {[%clk 0:03:28]} Rc8
{[%clk 0:49:54]} 25. Bd4 {[%clk 0:02:48]} h6 {[%clk 0:46:19]} 26. Rc1
{[%clk 0:01:18]} Qa5 {[%clk 0:46:13]} 27. Ra1 {[%clk 0:01:16]} Qc7
{[%clk 0:46:30]} 1/2-1/2

[Event "2019"]
[Site "?"]
[Date "2019.05.30"]
[Round "2.13"]
[White "Stauch, Edgar"]
[Black "Hausmann, Kai"]
[Result "1-0"]
[BlackElo "2057"]
[WhiteElo "2207"]
[LiveChessVersion "1.4.8"]

1. c4 {[%clk 1:26:17]} Nf6 {[%clk 1:29:11]} 2. g3 {[%clk 1:25:49]} g6
{[%clk 1:26:29]} 3. Bg2 {[%clk 1:25:42]} Bg7 {[%clk 1:24:51]} 4. Nc3
{[%clk 1:26:07]} c5 {[%clk 1:18:39]} 5. Nf3 {[%clk 1:26:10]} Nc6 {[%clk 1:18:35]}
6. d4 {[%clk 1:26:15]} O-O {[%clk 0:53:41]} 7. d5 {[%clk 1:23:09]} Nb8
{[%clk 0:52:46]} 8. O-O {[%clk 1:22:07]} d6 {[%clk 0:52:42]} 9. e4
{[%clk 1:22:14]} b5 {[%clk 0:50:18]} 10. cxb5 {[%clk 1:21:32]} a6
{[%clk 0:50:01]} 11. bxa6 {[%clk 1:20:52]} Rxa6 {[%clk 0:43:56]} 12. h3
{[%clk 1:14:12]} Nbd7 {[%clk 0:42:19]} 13. Re1 {[%clk 1:11:46]} Bb7
{[%clk 0:41:58]} 14. Nd2 {[%clk 1:01:25]} Nb6 {[%clk 0:37:58]} 15. Bf1
{[%clk 0:59:02]} Nfd7 {[%clk 0:24:21]} 16. a4 {[%clk 0:49:34]} Qa8
{[%clk 0:19:57]} 17. Bxa6 {[%clk 0:46:04]} Bxa6 {[%clk 0:20:15]} 18. a5
{[%clk 0:46:04]} Nc8 {[%clk 0:17:58]} 19. Nf3 {[%clk 0:40:45]} Qb7
{[%clk 0:14:59]} 20. Ra3 {[%clk 0:38:56]} Na7 {[%clk 0:14:40]} 21. Rb3
{[%clk 0:37:52]} Qc7 {[%clk 0:14:58]} 22. Bg5 {[%clk 0:30:43]} c4
{[%clk 0:13:59]} 23. Rb4 {[%clk 0:23:55]} Nc5 {[%clk 0:14:11]} 24. Rb6
{[%clk 0:23:35]} Nc8 {[%clk 0:12:41]} 25. Rc6 {[%clk 0:17:45]} Qd7
{[%clk 0:12:01]} 26. Be3 {[%clk 0:14:02]} 1-0

[Event "2019"]
[Site "?"]
[Date "2019.05.30"]
[Round "2.17"]
[White "Becker, Tobias"]
[Black "Ruffenach, Alain"]
[Result "1/2-1/2"]
[BlackElo "1936"]
[WhiteElo "2019"]
[LiveChessVersion "1.4.8"]

1. d4 {[%clk 1:26:55]} g6 {[%clk 1:30:54]} 2. e4 {[%clk 1:27:16]} Bg7
{[%clk 1:30:57]} 3. Nf3 {[%clk 1:27:35]} d6 {[%clk 1:30:18]} 4. Bc4
{[%clk 1:27:53]} Nf6 {[%clk 1:30:04]} 5. Qe2 {[%clk 1:28:00]} c6 {[%clk 1:21:11]}
6. Bb3 {[%clk 1:27:17]} O-O {[%clk 1:19:46]} 7. O-O {[%clk 1:26:57]} Bg4
{[%clk 1:12:42]} 8. Nbd2 {[%clk 1:26:41]} e5 {[%clk 0:53:57]} 9. dxe5
{[%clk 1:26:30]} dxe5 {[%clk 0:53:12]} 10. h3 {[%clk 1:26:39]} Bxf3
{[%clk 0:53:26]} 11. Nxf3 {[%clk 1:26:53]} Nbd7 {[%clk 0:53:36]} 12. Rd1
{[%clk 1:21:37]} Qe7 {[%clk 0:52:23]} 13. c3 {[%clk 1:20:42]} Rad8
{[%clk 0:49:37]} 14. Bc2 {[%clk 1:06:05]} Nh5 {[%clk 0:48:21]} 15. g3
{[%clk 0:56:35]} Nc5 {[%clk 0:35:58]} 16. Be3 {[%clk 0:49:45]} b6
{[%clk 0:33:03]} 17. Qc4 {[%clk 0:46:56]} h6 {[%clk 0:19:21]} 18. Bxc5
{[%clk 0:43:41]} bxc5 {[%clk 0:18:45]} 19. Kg2 {[%clk 0:32:54]} Bf6
{[%clk 0:18:44]} 20. Nd2 {[%clk 0:29:23]} Ng7 {[%clk 0:18:33]} 21. Ba4
{[%clk 0:28:58]} Qb7 {[%clk 0:14:03]} 22. Nb3 {[%clk 0:27:28]} Ne6
{[%clk 0:14:21]} 23. Nxc5 {[%clk 0:19:54]} Nxc5 {[%clk 0:12:02]} 24. Qxc5
{[%clk 0:20:20]} Qxb2 {[%clk 0:11:59]} 25. Qxc6 {[%clk 0:15:52]} Rxd1
{[%clk 0:11:15]} 26. Rxd1 {[%clk 0:14:34]} Qxa2 {[%clk 0:11:40]} 27. Rd7
{[%clk 0:12:46]} Bg5 {[%clk 0:10:11]} 28. Kf3 {[%clk 0:10:03]} Bd2
{[%clk 0:08:14]} 29. Bb5 {[%clk 0:04:01]} Be1 {[%clk 0:07:35]} 30. Qc5
{[%clk 0:04:27]} Qe6 {[%clk 0:05:32]} 31. Kg2 {[%clk 0:03:52]} Qb6
{[%clk 0:04:21]} 1/2-1/2

[Event "2019"]
[Site "?"]
[Date "2019.05.30"]
[Round "2.19"]
[White "Rempeli, Alex"]
[Black "Promyshlyanskiy, Vitaliy"]
[Result "1/2-1/2"]
[BlackElo "2282"]
[WhiteElo "2016"]
[LiveChessVersion "1.4.8"]

1. d4 {[%clk 1:30:57]} Nc6 {[%clk 1:30:50]} 2. c4 {[%clk 1:31:09]} e5
{[%clk 1:31:13]} 3. d5 {[%clk 1:30:52]} Nce7 {[%clk 1:31:32]} 4. Nc3
{[%clk 1:30:30]} Ng6 {[%clk 1:29:26]} 5. a3 {[%clk 1:30:00]} a5 {[%clk 1:26:56]}
6. Nf3 {[%clk 1:27:34]} Bc5 {[%clk 1:22:19]} 7. h4 {[%clk 1:18:53]} d6
{[%clk 1:16:14]} 8. h5 {[%clk 1:13:31]} N6e7 {[%clk 1:14:53]} 9. h6
{[%clk 1:07:35]} Nxh6 {[%clk 1:12:53]} 10. Bxh6 {[%clk 1:07:29]} gxh6
{[%clk 1:13:17]} 11. Ne4 {[%clk 1:04:55]} Ng6 {[%clk 1:08:08]} 12. Qd2
{[%clk 0:56:10]} Bf5 {[%clk 1:05:05]} 13. Nxc5 {[%clk 0:53:25]} dxc5
{[%clk 1:05:20]} 14. Qe3 {[%clk 0:50:57]} Qe7 {[%clk 0:59:44]} 15. Rxh6
{[%clk 0:44:16]} b6 {[%clk 0:39:35]} 16. Qg5 {[%clk 0:25:54]} Qxg5
{[%clk 0:36:28]} 17. Nxg5 {[%clk 0:26:23]} f6 {[%clk 0:36:14]} 18. Nf3
{[%clk 0:26:23]} Kf7 {[%clk 0:34:38]} 19. g3 {[%clk 0:22:53]} Kg7
{[%clk 0:32:40]} 20. Rh2 {[%clk 0:21:44]} Bg4 {[%clk 0:26:25]} 21. Nh4
{[%clk 0:16:09]} Rad8 {[%clk 0:19:49]} 22. Bh3 {[%clk 0:12:53]} Nxh4
{[%clk 0:19:47]} 23. Bxg4 {[%clk 0:12:28]} Ng6 {[%clk 0:20:08]} 24. e4
{[%clk 0:11:01]} Ne7 {[%clk 0:18:58]} 25. Ke2 {[%clk 0:09:48]} c6
{[%clk 0:18:33]} 26. a4 {[%clk 0:05:04]} f5 {[%clk 0:16:10]} 27. exf5
{[%clk 0:03:29]} cxd5 {[%clk 0:16:32]} 28. cxd5 {[%clk 0:03:15]} Rxd5
{[%clk 0:16:17]} 29. Rd1 {[%clk 0:02:23]} Rxd1 {[%clk 0:15:24]} 30. Kxd1
{[%clk 0:02:52]} Rd8+ {[%clk 0:15:44]} 31. Kc1 {[%clk 0:02:00]} Rd4
{[%clk 0:15:56]} 32. Bd1 {[%clk 0:01:52]} h6 {[%clk 0:07:55]} 33. f6+
{[%clk 0:01:29]} Kxf6 {[%clk 0:08:21]} 34. Rxh6+ {[%clk 0:01:52]} Kf5
{[%clk 0:08:06]} 1/2-1/2

[Event "2019"]
[Site "?"]
[Date "2019.05.30"]
[Round "2.24"]
[White "Kolb, Tobias"]
[Black "Ammon, Tobias"]
[Result "1/2-1/2"]
[BlackElo "2151"]
[WhiteElo "1915"]
[LiveChessVersion "1.4.8"]

1. e4 {[%clk 1:30:58]} Nf6 {[%clk 1:30:55]} 2. e5 {[%clk 1:31:19]} Nd5
{[%clk 1:31:21]} 3. d4 {[%clk 1:31:43]} d6 {[%clk 1:31:45]} 4. c4
{[%clk 1:32:11]} Nb6 {[%clk 1:32:08]} 5. exd6 {[%clk 1:32:38]} cxd6
{[%clk 1:32:05]} 6. Nc3 {[%clk 1:32:58]} g6 {[%clk 1:31:27]} 7. Be3
{[%clk 1:33:13]} Bg7 {[%clk 1:31:20]} 8. Nf3 {[%clk 1:33:28]} O-O
{[%clk 1:31:02]} 9. Be2 {[%clk 1:30:56]} Nc6 {[%clk 1:28:46]} 10. O-O
{[%clk 1:28:59]} Bg4 {[%clk 1:26:42]} 11. b3 {[%clk 1:28:46]} d5 {[%clk 1:21:29]}
12. c5 {[%clk 1:28:16]} Nc8 {[%clk 1:15:40]} 13. Ne1 {[%clk 1:23:14]} Bxe2
{[%clk 1:14:24]} 14. Nxe2 {[%clk 1:23:34]} e6 {[%clk 1:01:50]} 15. Qd2
{[%clk 1:20:59]} N8e7 {[%clk 0:58:42]} 16. Bh6 {[%clk 0:52:45]} a5
{[%clk 0:51:03]} 17. Bxg7 {[%clk 0:51:51]} Kxg7 {[%clk 0:51:29]} 18. a3
{[%clk 0:47:03]} b6 {[%clk 0:45:44]} 19. Nf3 {[%clk 0:43:53]} Qb8
{[%clk 0:31:46]} 20. Rab1 {[%clk 0:38:11]} b5 {[%clk 0:21:36]} 21. h4
{[%clk 0:16:41]} b4 {[%clk 0:20:18]} 22. a4 {[%clk 0:17:04]} h5 {[%clk 0:14:09]}
23. Nf4 {[%clk 0:16:16]} Rh8 {[%clk 0:12:42]} 24. Rbe1 {[%clk 0:14:24]} Nd8
{[%clk 0:10:37]} 25. Ng5 {[%clk 0:13:42]} Ra6 {[%clk 0:09:31]} 26. Re2
{[%clk 0:12:11]} Nf5 {[%clk 0:09:11]} 27. g3 {[%clk 0:11:53]} Qc8
{[%clk 0:08:51]} 28. Rfe1 {[%clk 0:11:49]} Qd7 {[%clk 0:05:51]} 29. Qd3
{[%clk 0:11:12]} Ra8 {[%clk 0:03:00]} 30. Nf3 {[%clk 0:07:44]} Nc6
{[%clk 0:02:02]} 31. Ne5 {[%clk 0:06:42]} Nxe5 {[%clk 0:01:35]} 32. Rxe5
{[%clk 0:07:04]} Rae8 {[%clk 0:01:06]} 33. Kg2 {[%clk 0:06:02]} Kf8
{[%clk 0:00:37]} 34. Kg1 {[%clk 0:01:23]} Kg7 {[%clk 0:01:04]} 35. Kg2
{[%clk 0:01:50]} Kf8 {[%clk 0:01:31]} 36. Kg1 {[%clk 0:01:43]} 1/2-1/2